000 00684nam a2200289Ia 4500
005 20260324121116.0
008 008 260324s9999 xx 000 0 eng d
020 _a9780429256318
037 _aEBOOK
040 _aCRL
040 _beng
040 _cCRL
041 _2eng
041 _aeng
084 _qCRL
100 _aJoe Bichai
_91161226
245 0 _aLean Today, Rich Tomorrow
245 0 _bSucceeding in Today's Globalization Chaos
260 _bTaylor and Francis
260 _c2014
365 _a
365 _b89.99
856 _uhttp://www.taylorfrancis.com/books/9780429256318
942 _cEBOOK
999 _c1753122
_d1753122